Guess the kpop group - Statistics

General Stats
  • This quiz has been taken 354 times
  • The average score is 7 of 15
Answer Stats
Clue Answer % Correct
Most viewed girlgroup on YouTube BLACKPINK
94%
Girlgroup that performed in North Korea Red Velvet
91%
First korean Grammy nominees BTS
88%
The only korean girlgroup that has performed in Madison Square Garden Girls' Generation
68%
The first group to have lightsticks Bigbang
60%
Hyuna debuted in this group, after leaving Wonder Girls 4Minute
56%
Their debut song is LA chA TA f(x)
55%
The first group to have official dance practices SHINee
46%
MNET's last group (up by 2021) IZ*ONE
32%
BigHit only girlgroup (up to 2021) GLAM
16%
Nam Taehyun left the group Winner
16%
Made "Cabi Song" with Girls' Generation 2PM
15%
Their song appeared in Fast & Furious 4 TVXQ!
11%
Strange and catchy concepts Orange Caramel
5%
SM second girlgroup (not counting M.I.L.K or any other girlgroup from a subsidiary) The Grace
5%
No matching quizzes found
Score Distribution
Percent of People with Each Score
Percentile by Number Answered
Your Score History
You have not taken this quiz